000 00620nam a2200205Ia 4500
003 SISC
005 20180927122313.0
008 180918s9999 xx 000 0 und d
020 _a9781626560246
050 _aTD 791
_b.Sk626 2014
100 _aSkazy, Tom
245 _cTom Skazy
_aOutsmart waste:
_bthe modern idea of garbage and how to think our way out of it/
260 _aCA:
_bBerret-Koehler Publishers, Inc.
_c2014
300 _a156 pages :
_billustrated ;
_c22 cm.
500 _aIncludes index.
650 _aRecycling (waste, etc.)
650 _aWaste minimization
942 _2lcc
_cBK
999 _c358787
_d358787